Professional services global competitiveness group report (Record no. 109368)

MARC details
000 -LEADER
fixed length control field 01446cad a22002415a 4500
001 - CONTROL NUMBER
control field L146947
008 - FIXED-LENGTH DATA ELEMENTS--GENERAL INFORMATION
fixed length control field 090317s2009 xxk f f000 0 eng d
020 ## - INTERNATIONAL STANDARD BOOK NUMBER
International Standard Book Number 9781845325732
035 ## - SYSTEM CONTROL NUMBER
System control number (Sirsi) u146947
041 0# - LANGUAGE CODE
Language code of text/sound track or separate title eng
050 04 - LIBRARY OF CONGRESS CALL NUMBER
Classification number 658.8 $2 18
110 2# - MAIN ENTRY--CORPORATE NAME
Corporate name or jurisdiction name as entry element United Kingdom
Subordinate unit HM Treasury
245 00 - TITLE STATEMENT
Title Professional services global competitiveness group report
Medium [electronic resource]
260 ## - PUBLICATION, DISTRIBUTION, ETC.
Place of publication, distribution, etc. London
Name of publisher, distributor, etc. HM Treasury
Date of publication, distribution, etc. 2009
505 2# - FORMATTED CONTENTS NOTE
Formatted contents note Foreword -- Chapter 1 professional services: a 2020 vision -- Chapter 2 realising the 2020 vision -- Chapter 3 legal profession -- Chapter 4 accountancy -- Chapter 5 management consultancy -- Chapter 6 shipping -- Chapter 7 land, property and construction -- Chapter 8 membership and terms of reference -- Chapter 9 acknowledgements
520 ## - SUMMARY, ETC.
Summary, etc. Report by the Professional Services Global Competitivnesss Group which looks at the challenges and opportunities that the professional services sector may face in the future and puts forward proposals to make the sector more successful in dealing with these. Emphasises the need for the professional services industry to be flexible and internationally focussed.
521 ## - TARGET AUDIENCE NOTE
Target audience note Advanced
590 ## - LOCAL NOTE (RLIN)
Local note KA NTK
651 #4 - SUBJECT ADDED ENTRY--GEOGRAPHIC NAME
Geographic name United Kingdom
Chronological subdivision
690 ## - LOCAL SUBJECT ADDED ENTRY--TOPICAL TERM (OCLC, RLIN)
Topical term or geographic name as entry element MANAGEMENT-BUSINESS MANAGEMENT
856 40 - ELECTRONIC LOCATION AND ACCESS
Uniform Resource Identifier <a href="https://www.hm-treasury.gov.uk/fin_professionalservices_group.htm">https://www.hm-treasury.gov.uk/fin_professionalservices_group.htm</a>
Public note View the consultation free of charge at www.hm-treasury.gov.uk...
942 ## - ADDED ENTRY ELEMENTS (KOHA)
Suppress in OPAC 0
Holdings
Withdrawn status Lost status Source of classification or shelving scheme Damaged status Not for loan Home library Current library Shelving location Date acquired Total Checkouts Full call number Barcode Date last seen Copy number Price effective from Koha item type
    Dewey Decimal Classification     Virtual Virtual Online 17/03/2009   ONLINE PUBLICATION 146947-2001 06/08/2019 1 06/08/2019 Book